A Girl's Education Schooling and the Formation of Gender, Identities and Future Visions /

Palgrave Studies in Gender and Education Series editor: Yvette Taylor, Professor of Education, University of Strathclyde, UK This book argues that educators and the general public have become complacent about girls’ education as a consequence of the more recent fuss about problems for boys. After an...

Full description

Bibliographic Details
Main Authors: Gill, Judith (Author), Esson, Katharine (Author), Yuen, Rosalina (Author)
Corporate Author: SpringerLink (Online service)
Format: Electronic eBook
Language:English
Published: London : Palgrave Macmillan UK : Imprint: Palgrave Macmillan, 2016.
Series:Palgrave Studies in Gender and Education
Subjects:
Online Access:Full Text via HEAL-Link
LEADER 04345nam a22006375i 4500
001 978-1-137-52487-4
003 DE-He213
005 20161210051236.0
007 cr nn 008mamaa
008 160710s2016 xxk| s |||| 0|eng d
020 |a 9781137524874  |9 978-1-137-52487-4 
024 7 |a 10.1057/978-1-137-52487-4  |2 doi 
040 |d GrThAP 
050 4 |a LC212.9-LC212.93 
072 7 |a JN  |2 bicssc 
072 7 |a JFSJ  |2 bicssc 
072 7 |a EDU000000  |2 bisacsh 
072 7 |a SOC032000  |2 bisacsh 
082 0 4 |a 370.81  |2 23 
100 1 |a Gill, Judith.  |e author. 
245 1 2 |a A Girl's Education  |h [electronic resource] :  |b Schooling and the Formation of Gender, Identities and Future Visions /  |c by Judith Gill, Katharine Esson, Rosalina Yuen. 
264 1 |a London :  |b Palgrave Macmillan UK :  |b Imprint: Palgrave Macmillan,  |c 2016. 
300 |a XXIV, 212 p. 18 illus. in color.  |b online resource. 
336 |a text  |b txt  |2 rdacontent 
337 |a computer  |b c  |2 rdamedia 
338 |a online resource  |b cr  |2 rdacarrier 
347 |a text file  |b PDF  |2 rda 
490 1 |a Palgrave Studies in Gender and Education 
505 0 |a Foreword: Reclaiming the Space for Girls -- Chapter 1. Who Are Girls and Is There a Problem? -- Chapter 2. How We Know What We Know: Knowledge and Evidence -- Chapter 3. See How Far We've Come! Girls' Education in Recent History. And Where Does This Leave Girls Now? -- Chapter 4. The Balance Act -- Chapter 5. Girls at School: The Formation of Learning Identities -- Chapter 6. Post School Pathways and Girls' Imagined Futures -- Chapter 7. Girls at School: A More Complex Picture. . 
520 |a Palgrave Studies in Gender and Education Series editor: Yvette Taylor, Professor of Education, University of Strathclyde, UK This book argues that educators and the general public have become complacent about girls’ education as a consequence of the more recent fuss about problems for boys. After an analysis of persistent disquiet about girls’ lifestyles, it uses theories of gender and education to demonstrate that girls are being produced in contradictory ways in current schooling. Many girls develop a sense of themselves through close connection with friendship groups but schooling processes typically require them to adopt the position of competitors in the end-of-school rankings and to act out their individualized positions in imagining themselves into the future. Ultimately the work offers insight and understanding leading to a less divisive educational pathway for girls. Judith Gill is Adjunct Associate Professor at the University of South Australia and a former secondary schoolteacher who has worked in teacher education for the past 30 years. Her main research interest is in gender and its associations with achievement and working lives. Kathy Esson has worked widely in the fields of education and health, including her role as Senior Manager at the NSW Skills Board Secretariat, Australia. She has also been involved in a review of public education in NSW, taught psychology, and been a school and university counsellor, working primarily with young women. Rosalina Yuen is a psychologist in private practice in Australia. As a former social worker, she worked extensively with girls and young women in many settings. She provides counselling services to schools, universities and major employers. . 
650 0 |a Education. 
650 0 |a Educational sociology. 
650 0 |a Gender identity in education. 
650 0 |a Sociology. 
650 0 |a Education and sociology. 
650 0 |a Sociology, Educational. 
650 0 |a Sex (Psychology). 
650 0 |a Gender expression. 
650 0 |a Gender identity. 
650 0 |a Self. 
650 0 |a Identity (Psychology). 
650 1 4 |a Education. 
650 2 4 |a Gender and Education. 
650 2 4 |a Gender Studies. 
650 2 4 |a Sociology of Education. 
650 2 4 |a Sociology of Education. 
650 2 4 |a Self and Identity. 
700 1 |a Esson, Katharine.  |e author. 
700 1 |a Yuen, Rosalina.  |e author. 
710 2 |a SpringerLink (Online service) 
773 0 |t Springer eBooks 
776 0 8 |i Printed edition:  |z 9781137524867 
830 0 |a Palgrave Studies in Gender and Education 
856 4 0 |u http://dx.doi.org/10.1057/978-1-137-52487-4  |z Full Text via HEAL-Link 
912 |a ZDB-2-EDA 
950 |a Education (Springer-41171)